Drawing for architecture / (Record no. 352309)
[ view plain ]
| 000 -LEADER | |
|---|---|
| fixed length control field | 01320 a2200277 4500 |
| 003 - CONTROL NUMBER IDENTIFIER | |
| control field | OSt |
| 005 - DATE AND TIME OF LATEST TRANSACTION | |
| control field | 20180116192330.0 |
| 008 - FIXED-LENGTH DATA ELEMENTS--GENERAL INFORMATION | |
| fixed length control field | 120516t xxu||||| |||| 00| 0 eng d |
| 010 ## - LIBRARY OF CONGRESS CONTROL NUMBER | |
| LC control number | 2008039055 |
| 020 ## - INTERNATIONAL STANDARD BOOK NUMBER | |
| International Standard Book Number | 9780262512930 (pbk. : alk. paper) |
| 040 ## - CATALOGING SOURCE | |
| Transcribing agency | 0 |
| 082 00 - DEWEY DECIMAL CLASSIFICATION NUMBER | |
| Classification number | 720.222 |
| 100 1# - MAIN ENTRY--PERSONAL NAME | |
| Personal name | Krier, LeÌon. |
| 9 (RLIN) | 1526 |
| 245 10 - TITLE STATEMENT | |
| Title | Drawing for architecture / |
| Statement of responsibility, etc. | LeÌon Krier ; foreword by James Howard Kunstler. |
| 260 ## - PUBLICATION, DISTRIBUTION, ETC. | |
| Place of publication, distribution, etc. | Cambridge, Mass. : |
| Name of publisher, distributor, etc. | MIT Press, |
| Date of publication, distribution, etc. | c2009. |
| 300 ## - PHYSICAL DESCRIPTION | |
| Extent | xiv, 231 p. : |
| Other physical details | ill. ; |
| Dimensions | 21 cm. |
| 490 0# - SERIES STATEMENT | |
| Series statement | Writing architecture |
| 505 0# - FORMATTED CONTENTS NOTE | |
| Formatted contents note | Foreword -- Author's note -- Construction -- City/anti-city: urbs versus suburbia -- Composition: organic versus mechanic -- Two worlds -- Buildings and urban spaces -- Vernacular and classical -- Tuning buildings and fabric -- Forms and uniforms -- Conservation and maintenance -- Architectural pathologies. |
| 600 10 - SUBJECT ADDED ENTRY--PERSONAL NAME | |
| Personal name | Krier, LeÌon |
| 9 (RLIN) | 1527 |
| 650 #0 - SUBJECT ADDED ENTRY--TOPICAL TERM | |
| Topical term or geographic name entry element | Architecture, Modern |
| Chronological subdivision | 20th century |
| 9 (RLIN) | 1528 |
| 650 #0 - SUBJECT ADDED ENTRY--TOPICAL TERM | |
| Topical term or geographic name entry element | City planning |
| General subdivision | History |
| Chronological subdivision | 20th century |
| 9 (RLIN) | 1529 |
| 856 41 - ELECTRONIC LOCATION AND ACCESS | |
| Materials specified | Table of contents only |
| Uniform Resource Identifier | <a href="http://www.loc.gov/catdir/toc/ecip0828/2008039055.html">http://www.loc.gov/catdir/toc/ecip0828/2008039055.html</a> |
| 942 ## - ADDED ENTRY ELEMENTS (KOHA) | |
| Institution code [OBSOLETE] | SADA |
| Koha item type | Book |
| Call number prefix | 720.222 KRI 2009 |
| Source of classification or shelving scheme | |
| Withdrawn status | Lost status | Source of classification or shelving scheme | Damaged status | Not for loan | Permanent Location | Current Location | Date acquired | Total Checkouts | Full call number | Barcode | Date last seen | Date last checked out | Copy number | Cost, replacement price | Price effective from | Koha item type | Total Renewals |
|---|---|---|---|---|---|---|---|---|---|---|---|---|---|---|---|---|---|
| School of Art Design and Architecture (SADA) | School of Art Design and Architecture (SADA) | 12/03/2010 | 2 | 720.222 KRI 2009 | SADA0000452 | 03/19/2013 | 03/08/2013 | 01 | 2037.00 | 08/05/2011 | Book | ||||||
| School of Art Design and Architecture (SADA) | School of Art Design and Architecture (SADA) | 06/03/2011 | 1 | 720.222 KRI 2009 | SADA0001165 | 12/19/2011 | 12/16/2011 | 02 | 1703.00 | 08/05/2011 | Book | ||||||
| School of Art Design and Architecture (SADA) | School of Art Design and Architecture (SADA) | 06/03/2011 | 2 | 720.222 KRI 2009 | SADA0001166 | 05/07/2012 | 04/23/2012 | 03 | 1703.00 | 08/05/2011 | Book | 2 |
